Ритуал как современная стратегия коммуникации; Трансформация научных парадигм и коммуникативные практики в информационном социуме

Dades bibliogràfiques
Parent link:Трансформация научных парадигм и коммуникативные практики в информационном социуме.— 2008.— С. 191-193
Autor principal: Уткина А. Н. Анна Николаевна
Idioma:rus
Publicat: 2008
Matèries:
Format: MixedMaterials Capítol de llibre
KOHA link:https://koha.lib.tpu.ru/cgi-bin/koha/opac-detail.pl?biblionumber=165442

MARC

LEADER 00000naa2a2200000 4500
001 165442
005 20240109130050.0
035 |a (RuTPU)RU\TPU\book\179469 
090 |a 165442 
100 |a 20090918d2008 k y0rusy50 ca 
101 0 |a rus 
102 |a RU 
200 1 |a Ритуал как современная стратегия коммуникации  |f А. Н. Уткина 
320 |a Библиогр.: 7 назв. 
463 0 |0 (RuTPU)RU\TPU\book\167187  |t Трансформация научных парадигм и коммуникативные практики в информационном социуме  |o сборник научных трудов I Всероссийской научно-практической конференции, Томск, 20-21 октября 2008 г.  |f Томский политехнический университет (ТПУ)  |v С. 191-193  |d 2008  |p 327 с. 
610 1 |a коммуникативность 
610 1 |a ритуалы 
610 1 |a коммуникативная функция 
610 1 |a невербальные коммуникации 
610 1 |a речь 
610 1 |a труды учёных ТПУ 
700 1 |a Уткина  |b А. Н.  |c лингвист  |c доцент Томского политехнического университета, кандидат философских наук  |f 1968-  |g Анна Николаевна  |3 (RuTPU)RU\TPU\pers\30308  |9 14654 
801 1 |a RU  |b 63413507  |c 20090918 
801 2 |a RU  |b 63413507  |c 20150818  |g RCR 
942 |c BK